LEADER 00973nam0-2200337---450- 001 990008659290403321 005 20081106102536.0 010 $a88-05-03783-4 035 $a000865929 035 $aFED01000865929 035 $a(Aleph)000865929FED01 035 $a000865929 100 $a20080514d1985----km-y0itay50------ba 101 0 $aita 102 $aIT 105 $ay-------001yy 200 1 $aSistemi di orientamento in Europa$eprincipi teorici e realizzazioni$f[a cura di] Antonio Augenti, Klement Polacek 210 $aTorino$cSEI$d1985 215 $a272 p.$d22 cm 225 1 $aCollana i rubini$v37 610 0 $aOrientamento scolastico 676 $a371.42$v21$zita 702 1$aAugenti,$bAntonio 702 1$aPolácek, Klement 801 0$aIT$bUNINA$gRICA$2UNIMARC 901 $aBK 912 $a990008659290403321 952 $aP.1 DID 4$bBibl. 12219$fFLFBC 959 $aFLFBC 996 $aSistemi di orientamento in Europa$9715884 997 $aUNINA LEADER 02771nam 2200565Ia 450 001 9910462185103321 005 20200520144314.0 010 $a1-283-69587-1 010 $a0-8108-8565-4 035 $a(CKB)2670000000275917 035 $a(EBL)1046294 035 $a(SSID)ssj0000756239 035 $a(PQKBManifestationID)12267044 035 $a(PQKBTitleCode)TC0000756239 035 $a(PQKBWorkID)10733083 035 $a(PQKB)10251986 035 $a(MiAaPQ)EBC1046294 035 $a(PPN)184340039 035 $a(Au-PeEL)EBL1046294 035 $a(CaPaEBR)ebr10614760 035 $a(CaONFJC)MIL400837 035 $a(OCoLC)820434031 035 $a(EXLCZ)992670000000275917 100 $a20120711d2013 uy 0 101 0 $aeng 135 $aur|n|---||||| 181 $ctxt 182 $cc 183 $acr 200 10$aListening to Stanley Kubrick$b[electronic resource] $ethe music in his films /$fChristine Lee Gengaro 210 $aLanham, Md. $cScarecrow Press$d2013 215 $a1 online resource (317 p.) 300 $aDescription based upon print version of record. 311 $a1-4422-4440-2 311 $a0-8108-8564-6 320 $aIncludes bibliographical references and index. 327 $aContents; Acknowledgments; Introduction; Chapter 01. Early Projects; Chapter 02. Love Themes, Leitmotifs, and Pop Music; Chapter 03. The Music ofthe Spheres; Chapter 04. "It Was Lovely Music That Came to My Aid"; Chapter 05. "I Was Lucky Enough to Have Superb Material to Work With"; Chapter 06. Midnight, the Stars, and You; Chapter 07. Kubrick's Final Word; Appendix A: Films and Their Source Material; Appendix B: Film Synopses; Appendix C: Soundtracks and Track Lists; Bibliography; Index; About the Author 330 $aIn Listening to Stanley Kubrick: The Music in His Films, Christine Gengaro provides an in-depth exploration of the music that was composed for Stanley Kubrick's films and places the pre-existent music he utilized into historical context. Gengaro discusses the music in every single work, from Kubrick's first films-including the documentary shorts The Flying Padre and Day of the Fight-to all of his features films, from Fear and Desire to Eyes Wide Shut. No film is left out; no cue is ignored. This book offers a thoroughly researched examination into the musical elements of cinema. 606 $aMotion picture music$xHistory and criticism 608 $aElectronic books. 615 0$aMotion picture music$xHistory and criticism. 676 $a781.5/42 700 $aGengaro$b Christine Lee$0980773 801 0$bMiAaPQ 801 1$bMiAaPQ 801 2$bMiAaPQ 906 $aBOOK 912 $a9910462185103321 996 $aListening to Stanley Kubrick$92238184 997 $aUNINA